Loading...
| Auditory Arts | 5 | 12.00 | 100% | 20% | 0% |
| Beliefs | 4 | 15.00 | 100% | 50% | 0% |
| Current Events | 2 | 10.00 | 100% | 0% | 0% |
| Fine Arts - Other Arts | 2 | 15.00 | 100% | 50% | 0% |
| Geography | 1 | 10.00 | 100% | 0% | 0% |
| History - Ancient History | 2 | 15.00 | 100% | 50% | 0% |
| History - European History | 4 | 15.00 | 100% | 25% | 25% |
| History - Other History | 2 | 20.00 | 100% | 50% | 50% |
| History - World History | 6 | 16.67 | 100% | 50% | 17% |
| Literature - American Literature | 4 | 10.00 | 75% | 25% | 0% |
| Literature - British Literature | 3 | 16.67 | 100% | 0% | 67% |
| Literature - European Literature | 3 | 16.67 | 100% | 67% | 0% |
| Literature - World Literature | 3 | 13.33 | 100% | 33% | 0% |
| Other Academic | 2 | 5.00 | 50% | 0% | 0% |
| Philosophy | 4 | 10.00 | 50% | 50% | 0% |
| Science - Biology | 3 | 13.33 | 100% | 33% | 0% |
| Science - Chemistry | 3 | 10.00 | 100% | 0% | 0% |
| Science - Other Science | 5 | 18.00 | 100% | 60% | 20% |
| Science - Physics | 2 | 10.00 | 50% | 50% | 0% |
| Social Science | 6 | 11.67 | 83% | 33% | 0% |
| Visual Arts | 5 | 10.00 | 100% | 0% | 0% |